[Event "ch-AUT"]
[Site "Koeflach AUT"]
[Date "2006.09.07"]
[Round "6"]
[White "Kuba,G"]
[Black "Neubauer,M"]
[Result "1-0"]
[WhiteElo "2391"]
[BlackElo "2480"]

1.e4 c5 2.Nf3 e6 3.d4 cxd4 4.Nxd4 Nc6 5.Nc3 a6 6.Be2 Qc7 7.O-O Nf6 8.Kh1 Bb4
9.Bg5 b6 10.f4 Bxc3 11.Bxf6 gxf6 12.bxc3 Bb7 13.Rb1 Na5 14.e5 f5 15.Bf3 Nc4
16.Bxb7 Qxb7 17.Qd3 Rc8 18.Rb4 Rg8 19.Rf3 Na5 20.Rg3 Rg6 21.h4 Qe4 22.Qxe4 fxe4
23.Rxg6 hxg6 24.Rxb6 e3 25.Rxa6 Nc6 26.Ne2 Rb8 27.g3 Ne7 28.Kg2 Nf5 29.Nd4 Rc8
30.Nxf5 exf5 31.Ra3 Rc4 32.Kf3 Re4 33.Ke2 Ke7 34.Rb3 f6 35.Rb4  1-0

[Event "ch-EU"]
[Site "Liverpool ENG"]
[Date "2006.09.07"]
[Round "2"]
[White "Gandolfi,G"]
[Black "Hanley,C"]
[Result "0-1"]
[WhiteElo "1882"]
[BlackElo "2419"]

1.e4 c5 2.Nf3 e6 3.d4 cxd4 4.Nxd4 Nc6 5.Nc3 Qc7 6.Be3 a6 7.Bd3 Nf6 8.O-O Ne5
9.h3 b5 10.f4 Nc4 11.Bxc4 Qxc4 12.e5 Nd5 13.Nxd5 Qxd5 14.Qf3 Bb7 15.Qxd5 Bxd5
16.a3 f6 17.Nf3 Rc8 18.c3 Be7 19.Rad1 O-O 20.Rf2 Bc5 21.Bxc5 Rxc5 22.Rd4 a5
23.exf6 gxf6 24.Rfd2 Kf7 25.Kf2 Ke7 26.f5 Rf7 27.Nh4 Bc6 28.fxe6 dxe6 29.g4 Rg7
30.Re2 Re5 31.Rxe5 fxe5 32.Rd2 Rf7+ 33.Ke1 Rf4 34.Rf2 Kf6 35.Ng2 Bxg2 36.Rxg2 a4
37.h4 e4 38.Ke2 h5 39.gxh5 Rxh4 40.Rg6+ Kf5 41.Rg8 Rxh5 42.Ra8 Rh2+ 43.Ke3 Rxb2
44.Ra5 Rb3  0-1

[Event "TCh-ESP Honor Gp1"]
[Site "Olite ESP"]
[Date "2006.09.07"]
[Round "2"]
[White "Nisipeanu,LD"]
[Black "De la Riva Aguado,O"]
[Result "1-0"]
[WhiteElo "2696"]
[BlackElo "2517"]

1.e4 c5 2.Nf3 Nc6 3.d4 cxd4 4.Nxd4 e6 5.Nc3 Qc7 6.Be3 a6 7.Be2 Nf6 8.O-O Bb4
9.Na4 O-O 10.Nxc6 bxc6 11.Nb6 Rb8 12.Nxc8 Rfxc8 13.Bxa6 Rf8 14.Bd3 Bd6 15.g3 Be5
16.a4 Bxb2 17.Ra2 d5 18.exd5 Nxd5 19.Bd2 Bf6 20.a5 Rfd8 21.a6 Nc3 22.Bxc3 Bxc3
23.Qf3 Bd4 24.Be4 Rd6 25.Rd1 Ba7 26.Rxd6 Qxd6 27.Ra1 Qc5 28.Rd1 Qb6 29.Rd7 f5
30.Bd3 Rd8 31.Rb7 Qc5 32.Kg2 h6 33.Qe2 Kh8 34.f4 Rd6 35.Qe5  1-0

[Event "TCh-ESP Honor Gp1"]
[Site "Olite ESP"]
[Date "2006.09.07"]
[Round "2"]
[White "Movsesian,S"]
[Black "Pelletier,Y"]
[Result "1-0"]
[WhiteElo "2637"]
[BlackElo "2583"]

1.e4 c5 2.Nf3 e6 3.d4 cxd4 4.Nxd4 Nc6 5.Nc3 Qc7 6.Be3 Nf6 7.Qd2 Bb4 8.Ndb5 Qb8
9.f3 a6 10.Nd4 d5 11.a3 Bd6 12.exd5 exd5 13.O-O-O O-O 14.Kb1 Rd8 15.g4 Be5
16.g5 Nh5 17.Qf2 g6 18.Nce2 Re8 19.Nc3 Rd8 20.Bg2 Nf4 21.h4 Na5 22.h5 Nxg2
23.Qxg2 Nc4 24.Bc1 Qd6 25.hxg6 hxg6 26.f4 Bg7 27.Rd3 Kf8 28.Rhd1 Be6 29.f5 gxf5
30.g6 Ne5 31.Bf4 Qe7 32.gxf7 Bxf7 33.Re3 Qd6 34.Qxg7+ Kxg7  1-0

[Event "World Blitz"]
[Site "Rishon Le Zion ISR"]
[Date "2006.09.07"]
[Round "9"]
[White "Livshits,G"]
[Black "Smirin,I"]
[Result "1-0"]
[WhiteElo "2406"]
[BlackElo "2659"]

1.e4 c5 2.Nf3 Nc6 3.Nc3 e6 4.d4 cxd4 5.Nxd4 d6 6.g3 Bd7 7.Bg2 Nf6 8.O-O Be7
9.Ndb5 Qb8 10.Bf4 Ne5 11.a4 O-O 12.Qe2 Rc8 13.Rfd1 a6 14.Nd4 Qc7 15.Nf3 Ng6
16.Be3 e5 17.a5 Rab8 18.Ba7 Ra8 19.Bb6 Qc4 20.Qxc4 Rxc4 21.Nd2 Rb4 22.Nb3 Rc8
23.f3 Be6 24.Ra3 Rbc4 25.Bf1 Rxc3 26.bxc3 d5 27.exd5 Nxd5 28.Raa1 Rxc3 29.Bd3 Nb4
30.Be4 Nxc2 31.Bxc2 Rxc2 32.Nd2 Rc3 33.Rac1 Rd3 34.Rc7 Bb4 35.Bc5 Bxc5+ 36.Rxc5 h5
37.Kf2 e4 38.Ke2 f5 39.fxe4 fxe4 40.Nxe4 Ra3 41.Rd8+ Kf7 42.Rc7+ Ne7 43.Ng5+ Kf6
44.Nxe6 Kxe6 45.Re8  1-0

[Event "59th ch-RUS 1st League"]
[Site "Tomsk RUS"]
[Date "2006.09.07"]
[Round "5"]
[White "Alekseev,Evgeny"]
[Black "Chebotarev,O"]
[Result "1-0"]
[WhiteElo "2644"]
[BlackElo "2505"]

1.e4 c5 2.Nf3 e6 3.d4 cxd4 4.Nxd4 Nc6 5.Nc3 a6 6.Be2 Qc7 7.Be3 Nf6 8.O-O Bb4
9.Na4 Bd6 10.g3 b5 11.Nb6 Rb8 12.Nxc8 Rxc8 13.a4 Nxd4 14.Bxd4 e5 15.Be3 Bc5
16.Bxc5 Qxc5 17.Bd3 Rb8 18.axb5 axb5 19.Ra5 Qb4 20.Qa1 O-O 21.Rd1 Rfe8 22.c3 Qb3
23.Rd2 h5 24.Qd1 Qxd1+ 25.Rxd1 b4 26.c4 d6 27.Bf1 Red8 28.f3 g5 29.Ra6 Ne8
30.Kf2 Kf8 31.Bh3 b3 32.Ke3 Rb4 33.Kd3 Rdb8 34.Kc3 R4b6 35.Ra7 g4 36.Bg2 Nf6
37.Rda1 Rc6 38.Ra8 Rcc8 39.Rxb8 Rxb8 40.Ra3 Ke7 41.Rxb3 Rh8 42.Rb7+ Ke6 43.f4 Nd7
44.f5+ Ke7 45.Bf1 Rb8 46.Ra7 Ke8 47.b4 Rc8 48.c5 Nf6 49.Ba6  1-0

[Event "TCh-ESP Honor Gp1"]
[Site "Olite ESP"]
[Date "2006.09.08"]
[Round "3"]
[White "Martin Perez,J"]
[Black "Volokitin,And"]
[Result "0-1"]
[WhiteElo "2280"]
[BlackElo "2662"]

1.e4 c5 2.Nf3 e6 3.d4 cxd4 4.Nxd4 Nc6 5.Nc3 Qc7 6.Be2 a6 7.O-O Nf6 8.Be3 Be7
9.f4 d6 10.Kh1 O-O 11.a4 Re8 12.Bf3 Rb8 13.g4 Nd7 14.g5 b6 15.Bg2 Bb7 16.f5 Nxd4
17.Qxd4 Bf8 18.Rad1 Rbc8 19.h4 exf5 20.exf5 Bxg2+ 21.Kxg2 Qb7+ 22.Kh3 b5
23.axb5 axb5 24.Ra1 Rc4 25.Qd2 Qc6 26.Ra7 b4 27.Nd5 Rxc2 28.Qd4 Re5 29.Rd1 Rc5
30.Qxe5 Nxe5 31.Bxc5 Qxc5 32.Ra8 h5 33.Ne7+ Kh7 34.g6+ fxg6 35.fxg6+ Nxg6
36.Nxg6 Qf5+  0-1

[Event "59th ch-RUS 1st League"]
[Site "Tomsk RUS"]
[Date "2006.09.08"]
[Round "6"]
[White "Khismatullin,D"]
[Black "Alekseev,Evgeny"]
[Result "1-0"]
[WhiteElo "2568"]
[BlackElo "2644"]

1.e4 c5 2.Ne2 Nc6 3.Nbc3 e6 4.d4 cxd4 5.Nxd4 a6 6.g3 d6 7.Bg2 Bd7 8.O-O Nf6
9.a4 Be7 10.Nb3 Na5 11.Nxa5 Qxa5 12.Bd2 Qc7 13.a5 Bc6 14.Re1 O-O 15.Bf4 Rac8
16.Qe2 Nd7 17.Nd5 Bxd5 18.exd5 e5 19.Bd2 f5 20.Rac1 Bf6 21.Bh3 Be7 22.Kh1 Rce8
23.f3 Bd8 24.b4 e4 25.f4 g5 26.c4 g4 27.Bf1 Bf6 28.Be3 Rc8 29.c5 dxc5 30.bxc5 Qxa5
31.c6 bxc6 32.dxc6 Nb8 33.Qc4+ Rf7 34.Qe6 Rxc6 35.Qb3 Qc7 36.Bc4 Rxc4 37.Rxc4 Nc6
38.Rc5 Qd7 39.Rd1  1-0

[Event "59th ch-RUS 1st League"]
[Site "Tomsk RUS"]
[Date "2006.09.08"]
[Round "6"]
[White "Yemelin,V"]
[Black "Shaposhnikov,E"]
[Result "1-0"]
[WhiteElo "2516"]
[BlackElo "2547"]

1.e4 c5 2.Nf3 e6 3.d4 cxd4 4.Nxd4 Nc6 5.Nc3 Qc7 6.Be2 a6 7.O-O Nf6 8.Kh1 Nxd4
9.Qxd4 Bc5 10.Qd2 O-O 11.Qg5 Bd4 12.Bd3 Qe5 13.Qh4 Qh5 14.Qxh5 Nxh5 15.Ne2 Be5
16.f4 Bc7 17.e5 g6 18.g4 Ng7 19.Bd2 f5 20.exf6 Rxf6 21.Bc3 Rf7 22.Rad1 d6
23.h3 Bd7 24.Bd4 Bc6+ 25.Kg1 Raf8 26.Rf2 Bd8 27.Bc4 Bh4 28.Rff1 d5 29.Bd3 g5
30.fxg5 Bxg5 31.Rxf7 Rxf7 32.Rf1 h5 33.Bh7+ Kf8 34.Bg6 Rxf1+ 35.Kxf1 hxg4
36.hxg4 Ne8 37.Ng1 Bf6 38.Nf3 Ke7 39.Kg2 Nd6 40.c3 Nc4 41.b3 e5 42.Bc5+ Nd6
43.g5 Bh8 44.Bf5 b6 45.Ba3 d4 46.cxd4 exd4 47.Kf2 Bxf3 48.Kxf3 Be5 49.Kg4 Kf7
50.Bd3 a5 51.Bc1 Bg7 52.Kh5 Be5 53.Kg4 Bg7 54.Kh5 Be5 55.g6+ Kg7 56.Bh6+ Kh8
57.Kg4 Nb7 58.Kf5 Bg7 59.Bxg7+ Kxg7 60.Ke4  1-0

[Event "EU-chB16"]
[Site "Herceg Novi MNE"]
[Date "2006.09.10"]
[Round "1"]
[White "Kravtsiv,M"]
[Black "Bojovic,D"]
[Result "1-0"]
[WhiteElo "2450"]
[BlackElo "2153"]

1.e4 c5 2.Nf3 e6 3.d4 cxd4 4.Nxd4 Nc6 5.Nc3 Qc7 6.Ndb5 Qb8 7.Be3 a6 8.Bb6 axb5
9.Nxb5 Bb4+ 10.c3 Ba5 11.Nc7+ Qxc7 12.Bxc7 Bxc7 13.Qg4 Be5 14.f4 Nf6 15.Qf3 Bc7
16.Bd3 h5 17.a3 d6 18.O-O-O Bd7 19.h3 Ke7 20.Qe3 Na5 21.b4 Rhc8 22.Kb2 Ba4
23.bxa5 Bxa5 24.Rc1 Rc6 25.Qd4 Bb6 26.Qb4 Nd7 27.Bb5 Bc5 28.Qxa4 Rxa4 29.Bxa4 Ra6
30.Bb5 Bxa3+ 31.Kc2 Ra5 32.Rb1 Nf6 33.Bd3 Ra7 34.Ra1 Kd7 35.Rhb1 Kc7 36.Rb5 Kb8
37.Rg5 g6 38.f5 gxf5 39.exf5 Bc5 40.Rxa7 Kxa7 41.Rg7 exf5 42.Rxf7 Nd5 43.Bxf5 Ne3+
44.Kd3 Nxg2 45.Be4 Ne3 46.Bxb7 Kb6 47.Bf3 h4 48.Rf4  1-0

[Event "EU-chG16"]
[Site "Herceg Novi MNE"]
[Date "2006.09.10"]
[Round "1"]
[White "Nesterovskaya,A"]
[Black "Officer,A"]
[Result "1-0"]
[WhiteElo "2060"]
[BlackElo "1853"]

1.e4 c5 2.Nf3 e6 3.d4 cxd4 4.Nxd4 Nc6 5.Nc3 Nf6 6.Be2 a6 7.O-O Qc7 8.Be3 Be7
9.f4 d6 10.Kh1 O-O 11.a4 b6 12.Nxc6 Qxc6 13.e5 Nd5 14.Nxd5 exd5 15.Bf3 Bb7
16.Qd3 dxe5 17.fxe5 Rac8 18.c3 Rcd8 19.Rfd1 Rfe8 20.c4 Qe6 21.cxd5 Qxe5 22.Bxb6 Bd6
23.g3 Rc8 24.Bd4 Qg5 25.Bc3 Re3 26.Qd2 Rce8 27.Qg2 Qf5 28.Rf1 Rd3 29.Rad1 Rxd1
30.Rxd1 Re3 31.Rf1 Qd3 32.Bd2 Re7 33.Bf4 Rd7 34.Be4 Qc4 35.b3 Qc5 36.Qh3 Bxd5
37.Qxh7+ Kf8 38.Qh8+ Ke7 39.Bg5+ f6 40.Qxg7+ Ke8 41.Qg6+ Rf7 42.Rxf6  1-0

[Event "3rd Szeged Cup"]
[Site "Szeged HUN"]
[Date "2006.09.10"]
[Round "2"]
[White "Albert,K"]
[Black "Gara,A"]
[Result "1-0"]
[WhiteElo "2120"]
[BlackElo "2349"]

1.e4 c5 2.Nf3 Nc6 3.d4 cxd4 4.Nxd4 e6 5.Nc3 a6 6.Be3 Nf6 7.Nxc6 bxc6 8.e5 Nd5
9.Nxd5 cxd5 10.Bd3 Rb8 11.Bd4 Qh4 12.c3 Rxb2 13.O-O Be7 14.f4 O-O 15.c4 Rb8
16.Rf3 f5 17.cxd5 exd5 18.Qc2 Rb4 19.Bf2 Qh5 20.Bc5 Bxc5+ 21.Qxc5 Rb2 22.Qxd5+ Kh8
23.Qd4 Rb8 24.Qd6 Bb7 25.Rb1 Qe8 26.Rf2 Be4 27.Bxe4 fxe4 28.Rxb8 Qxb8 29.Qxb8 Rxb8
30.Re2 Rb4 31.Kf2 Kg8 32.Rd2 Kf8 33.Rxd7 Rb2+ 34.Ke3 Rxa2 35.Kxe4 Rxg2 36.Kd5 Ke8
37.Ra7 Rg6 38.f5 Rb6 39.Rxg7 Rb5+ 40.Ke4 Rb4+ 41.Kf3 h5 42.f6 Rb6 43.Ke4 a5
44.Kf5 Rb5 45.Re7+ Kf8 46.Ra7 h4 47.Kg6  1-0

[Event "FSGM September"]
[Site "Budapest HUN"]
[Date "2006.09.11"]
[Round "10"]
[White "Ilincic,Z"]
[Black "Fogarasi,T"]
[Result "1/2-1/2"]
[WhiteElo "2515"]
[BlackElo "2435"]

1.e4 c5 2.Nf3 e6 3.d4 cxd4 4.Nxd4 Nc6 5.Nc3 Qc7 6.Be2 a6 7.O-O Nf6 8.Kh1 Be7
9.f4 d6 10.Be3 O-O 11.Qe1 Nxd4 12.Bxd4 b5 13.a3 Bb7 14.Qg3 Bc6 15.Rae1  1/2-1/2

[Event "EU-chB18"]
[Site "Herceg Novi MNE"]
[Date "2006.09.13"]
[Round "4"]
[White "Ragger,M"]
[Black "Lenic,L"]
[Result "1/2-1/2"]
[WhiteElo "2456"]
[BlackElo "2500"]

1.e4 c5 2.Nf3 e6 3.d4 cxd4 4.Nxd4 Nc6 5.Nc3 Nf6 6.Ndb5 d6 7.Bf4 e5 8.Bg5 a6
9.Na3 Be6 10.Nc4 Rc8 11.Nd5 Bxd5 12.Bxf6 gxf6 13.Qxd5 Nd4 14.O-O-O b5 15.c3 bxc4
16.cxd4 Qc7 17.Kc2 Bh6 18.dxe5 dxe5 19.Qd6 Qxd6 20.Rxd6 Ke7 21.Rd5 Rhd8 22.Kc3 Rxd5
23.exd5 f5 24.Bxc4 Kd6 25.b3 a5 26.g3  1/2-1/2

[Event "EU-chB18"]
[Site "Herceg Novi MNE"]
[Date "2006.09.13"]
[Round "4"]
[White "Krivoborodov,E"]
[Black "Lapcevic,M"]
[Result "1/2-1/2"]
[WhiteElo "2414"]
[BlackElo "2309"]

1.e4 c5 2.Nf3 e6 3.d4 cxd4 4.Nxd4 Nc6 5.Nc3 Qc7 6.Be3 a6 7.Qd2 Nf6 8.O-O-O Bb4
9.f3 Ne5 10.Nb3 b5 11.Qe1 Be7 12.f4 Ng6 13.e5 Ng4 14.Bd4 Bb7 15.Be2 Nh6 16.Qf2 Bh4
17.g3 Bxh1 18.Rxh1 Be7 19.Bb6 Qc8 20.Bf3 Rb8 21.Ba7 O-O 22.Bxb8 Qxb8 23.h4 Rc8
24.Ne4 Nf8 25.h5 d5 26.exd6 Bxd6 27.Nxd6 Qxd6 28.Rd1 Qc7 29.Rd3 b4 30.Qd2 Nf5
31.Be4 a5 32.Bxf5 exf5 33.Rd5 a4 34.Nd4 Qc4 35.Nxf5 Re8 36.Qd3 Qxa2 37.Re5 Rxe5
38.fxe5 Qe6 39.Qe4 a3 40.bxa3 bxa3 41.Qg4 g6 42.hxg6 Nxg6 43.Nh6+ Kg7 44.Nf5+  1/2-1/2

[Event "XVI WSen w"]
[Site "Arvier ITA"]
[Date "2006.09.14"]
[Round "4"]
[White "Epstein,E"]
[Black "Fomina,T"]
[Result "1/2-1/2"]
[WhiteElo "2182"]
[BlackElo "2220"]

1.e4 c5 2.Nf3 e6 3.d4 cxd4 4.Nxd4 Nc6 5.Nc3 d6 6.Be3 Nf6 7.Be2 Be7 8.f4 e5
9.Nxc6 bxc6 10.fxe5 dxe5 11.O-O Qxd1 12.Raxd1 O-O 13.h3 Be6 14.Bf3 Rfb8 15.b3 Rb4
16.Na4 Nd7 17.Rd2 g6 18.Rfd1 Rb7 19.g4 Kg7 20.Kg2 h6 21.Be2 Nf6 22.Bf3 Nd7
23.Be2 Nf6 24.Bf3  1/2-1/2

[Event "EU-chB16"]
[Site "Herceg Novi MNE"]
[Date "2006.09.14"]
[Round "5"]
[White "Inants,A"]
[Black "Pap,G"]
[Result "1/2-1/2"]
[WhiteElo "2178"]
[BlackElo "2412"]

1.e4 c5 2.Nf3 e6 3.d4 cxd4 4.Nxd4 Nc6 5.Nc3 d6 6.g3 Nf6 7.Bg2 Bd7 8.O-O Be7
9.Ndb5 Qb8 10.Bg5 a6 11.Bxf6 gxf6 12.Nd4 Qa7 13.Nb3 Ne5 14.a4 Nc4 15.Nd2 Rc8
16.Nxc4 Rxc4 17.Re1 Qc5 18.Qg4 Kf8 19.Qf3 Bc6 20.Qe3 h5 21.Bf1 Rb4 22.b3 Rd4
23.h4 Bd8 24.Rad1 Rxd1 25.Qxc5 dxc5 26.Nxd1 Ba5 27.Re3 Kg7 28.Nb2 Rd8 29.Nd3 e5
30.Nb2 Rd4 31.Nc4 Bc7 32.Bd3 Rd8 33.Kf1 b5 34.axb5 axb5 35.Na3 Rb8 36.c4 bxc4
37.Bxc4  1/2-1/2

[Event "EU-chG18"]
[Site "Herceg Novi MNE"]
[Date "2006.09.14"]
[Round "5"]
[White "Kubikova,A"]
[Black "Yildiz,B"]
[Result "1-0"]
[WhiteElo "2149"]
[BlackElo "2212"]

1.e4 c5 2.Nf3 e6 3.d4 cxd4 4.Nxd4 Nc6 5.Nc3 a6 6.Nxc6 bxc6 7.Bd3 Qc7 8.Qe2 Bb7
9.O-O Nf6 10.Kh1 d5 11.f4 Be7 12.b3 Nd7 13.Bb2 Bf6 14.e5 Be7 15.Na4 g6 16.f5 gxf5
17.Bxf5 c5 18.Qh5 d4 19.Bh3 Rf8 20.Rae1 Qc6 21.Bc1 O-O-O 22.Rxf7 Rxf7 23.Qxf7 Bh4
24.Rg1 Qe4 25.Qxe6 Bf2 26.Nb6+ Kb8 27.Nxd7+ Rxd7 28.Qxd7 Bxg1 29.Qd6+ Ka8
30.Qf8+ Ka7 31.Qxc5+ Ka8 32.Qf8+ Ka7 33.Kxg1 Qxc2 34.Qf1 Qc5 35.Bf4  1-0

[Event "EU-chG18"]
[Site "Herceg Novi MNE"]
[Date "2006.09.14"]
[Round "5"]
[White "Vladimirova,M"]
[Black "Hairapetian,A"]
[Result "1-0"]
[WhiteElo "1931"]
[BlackElo "2064"]

1.e4 c5 2.Nc3 Nc6 3.Nf3 e6 4.d4 cxd4 5.Nxd4 d6 6.Be3 Nf6 7.f3 Be7 8.Qd2 O-O
9.g4 Nd7 10.O-O-O Nde5 11.Be2 Na5 12.b3 a6 13.g5 Bd7 14.f4 Nec6 15.h4 Rc8
16.h5 Qc7 17.Kb2 b5 18.Bf3 b4 19.Nce2 Nxd4 20.Nxd4 e5 21.Ne2 Bb5 22.f5 Rfd8
23.f6 Bf8 24.g6 Bxe2 25.Qxe2 Qc3+ 26.Kb1 Nc6 27.Rd3 Nd4 28.Bxd4 Qc6 29.Bb2 gxf6
30.Bg4 Rb8 31.gxh7+ Kxh7 32.Bf5+ Kh8 33.h6  1-0

[Event "5th Open"]
[Site "Izmir TUR"]
[Date "2006.09.14"]
[Round "5"]
[White "Shanava,K"]
[Black "Datuashvili,N"]
[Result "1-0"]
[WhiteElo "2490"]
[BlackElo "2174"]

1.e4 c5 2.Nc3 e6 3.Nf3 Nc6 4.d4 cxd4 5.Nxd4 Qc7 6.Be3 a6 7.Bd3 b5 8.O-O Bb7
9.Nb3 Ne5 10.f4 Nc4 11.Bxc4 bxc4 12.Nd2 Nf6 13.Qe2 Bc5 14.Bxc5 Qxc5+ 15.Kh1 O-O
16.Rad1 Rfc8 17.e5 Nd5 18.Nce4 Qe3 19.Qg4 c3 20.bxc3 Rxc3 21.Rde1 Rxc2 22.Rxe3 Nxe3
23.Qf3 Nxf1 24.Nf6+ gxf6 25.Qxb7 Rac8 26.Nxf1 fxe5 27.fxe5 R8c5 28.h3 Rc1
29.Qxa6 Rxe5 30.Kh2 f5 31.Nd2 Rd5 32.Nf3 Kf7 33.Qa8 Rdd1 34.Qd8 e5 35.Nxe5+ Ke6
36.Qe8+ Kd6 37.Nf3 Ra1 38.Qe5+ Kc6 39.Nd4+ Kb7 40.Qb5+ Kc8 41.Nxf5 d5 42.Ne7+ Kc7
43.Qc6+ Kd8 44.Qd6+ Ke8 45.Nxd5 Re1 46.Nf6+ Kf7 47.Nxh7 Re2 48.Qf6+  1-0

[Event "TCh-ESP Honor Gp2"]
[Site "San Sebastian ESP"]
[Date "2006.09.14"]
[Round "2"]
[White "Fernandez Gil,M"]
[Black "Rodriguez Guerrero,E"]
[Result "1/2-1/2"]
[WhiteElo "2241"]
[BlackElo "2440"]

1.e4 c5 2.Nf3 e6 3.d4 cxd4 4.Nxd4 Nc6 5.Nc3 Qc7 6.g3 a6 7.Bg2 Nf6 8.O-O Nxd4
9.Qxd4 Bc5 10.Bf4 d6 11.Qd2 h6 12.Be3 Bxe3 13.Qxe3 e5 14.f4 Be6 15.Nd5 Bxd5
16.exd5 e4 17.Bxe4 O-O 18.Bd3 Nxd5 19.Qd4 Nf6 20.Rfe1 Rfe8 21.c3 Qc5 22.Qxc5 dxc5
23.Rad1 Kf8 24.Rxe8+ Rxe8 25.h3 b5 26.Kf2 Ke7 27.Re1+ Kd6 28.Rxe8 Nxe8 29.Ke3 Nc7
30.Ke4 a5 31.g4 c4 32.Bc2 Ne6 33.h4 f6 34.h5 Nc5+ 35.Kd4 Ne6+ 36.Ke4 a4 37.Bb1 Nc5+
38.Kd4 Ne6+ 39.Ke4 Nc5+ 40.Kd4 Ne6+  1/2-1/2

[Event "XVI WSen"]
[Site "Arvier ITA"]
[Date "2006.09.15"]
[Round "5"]
[White "Malmdin,N"]
[Black "Jakobsen,O"]
[Result "1/2-1/2"]
[WhiteElo "2218"]
[BlackElo "2387"]

1.e4 c5 2.Nf3 Nc6 3.Nc3 e6 4.d4 cxd4 5.Nxd4 Qc7 6.Be3 a6 7.Bd3 b5 8.Nxc6 Qxc6
9.O-O Bb7 10.Kh1 b4 11.Ne2 Nf6 12.f3 Bc5 13.Qd2 d6 14.c3 bxc3 15.Nxc3 O-O
16.Rfc1  1/2-1/2

[Event "7th Masters"]
[Site "Lausanne SUI"]
[Date "2006.09.15"]
[Round "2.1"]
[White "Gashimov,V"]
[Black "Vachier Lagrave,M"]
[Result "1/2-1/2"]
[WhiteElo "2644"]
[BlackElo "2577"]

1.e4 c5 2.Nf3 e6 3.d4 cxd4 4.Nxd4 Nc6 5.Nc3 Qc7 6.Be3 a6 7.Qd2 Nf6 8.O-O-O Bb4
9.f3 Ne5 10.Qe1 Bxc3 11.bxc3 d6 12.Be2 O-O 13.Bg5 Ned7 14.Qg3 b5 15.Rd3 Kh8
16.Nb3 Ne5 17.Rd4 Bb7 18.Bxf6 gxf6 19.Qf4 Kg7 20.Qg3+ Kh8 21.Qf4  1/2-1/2

[Event "7th Masters"]
[Site "Lausanne SUI"]
[Date "2006.09.16"]
[Round "2.3"]
[White "Gashimov,V"]
[Black "Vachier Lagrave,M"]
[Result "1/2-1/2"]
[WhiteElo "2644"]
[BlackElo "2577"]

1.e4 c5 2.Nf3 e6 3.d4 cxd4 4.Nxd4 Nc6 5.Nc3 Qc7 6.g3 a6 7.Bg2 Nf6 8.O-O Bc5
9.Nb3 Ba7 10.Bg5 d6 11.Qe2 b5 12.e5 dxe5 13.Bxf6 gxf6 14.Qf3 Bb7 15.Qxf6 Rg8
16.Ne4 Nd4 17.Nxd4 exd4 18.Nd6+ Qxd6 19.Bxb7 Rd8 20.Be4 h5 21.Rfe1 Qe7 22.Bc6+ Kf8
23.Rxe6 Qxf6 24.Rxf6 d3 25.cxd3 Rxd3 26.Re1 Rd2 27.Rf5 Rg6 28.Bb7 Kg7 29.Kf1 Rxb2
30.Re2 Rxe2 31.Kxe2 Rb6 32.Bd5 Rf6 33.Rxf6 Kxf6 34.h4 a5 35.Bc6 b4 36.Ba4 Kg7
37.Bb3 Bb6 38.Kf3 f5 39.Ba4 f4 40.Kxf4 Bxf2 41.g4  1/2-1/2

[Event "EU-chG16"]
[Site "Herceg Novi MNE"]
[Date "2006.09.17"]
[Round "7"]
[White "Heinatz,M"]
[Black "Cheype,M"]
[Result "0-1"]
[WhiteElo "1916"]
[BlackElo "1889"]

1.e4 c5 2.Nf3 e6 3.Nc3 Nc6 4.d4 cxd4 5.Nxd4 Nf6 6.Ndb5 Bb4 7.a3 Bxc3+ 8.Nxc3 d5
9.exd5 exd5 10.Bd3 O-O 11.O-O d4 12.Ne2 Bg4 13.f3 Bh5 14.Bg5 Qd6 15.Qd2 Nd5
16.Be4 f5 17.Bxd5+ Qxd5 18.Be3 Rad8 19.Rad1 Qb5 20.Bg5 Rd7 21.b4 Qb6 22.Kh1 Bf7
23.Be3 Rfd8 24.Bf2 Bc4 25.Rfe1 Qa6 26.Nxd4 Nxd4 27.Qf4 Ne2  0-1

[Event "TCh-FIN 2006-7"]
[Site "Joensuu FIN"]
[Date "2006.09.17"]
[Round "2"]
[White "Kulaots,K"]
[Black "Seeman,T"]
[Result "1/2-1/2"]
[WhiteElo "2550"]
[BlackElo "2408"]

1.e4 c5 2.Nf3 e6 3.d4 cxd4 4.Nxd4 Nc6 5.Nc3 d6 6.Be3 Nf6 7.Qd2 Be7 8.f3 O-O
9.g4 Nxd4 10.Qxd4 Nd7 11.O-O-O Ne5 12.Be2 Bd7 13.f4 Nc6 14.Qd2 Qa5 15.Kb1 Rfc8
16.g5 Rab8 17.Bg4 Rc7 18.Ne2 Qa4 19.Nc3 Qa5 20.Ne2 Qa4 21.Nc3 Qa5  1/2-1/2

[Event "TCh-ESP Honor Gp2"]
[Site "San Sebastian ESP"]
[Date "2006.09.17"]
[Round "5"]
[White "Timofeev,Arty"]
[Black "Rodriguez Guerrero,E"]
[Result "1-0"]
[WhiteElo "2657"]
[BlackElo "2440"]

1.e4 c5 2.Nf3 e6 3.d4 cxd4 4.Nxd4 Nc6 5.Nc3 Qc7 6.f4 a6 7.Nxc6 bxc6 8.Bd3 d5
9.O-O Nf6 10.Qf3 Be7 11.Kh1 Bb7 12.f5 c5 13.fxe6 fxe6 14.exd5 exd5 15.Bf4 Qd7
16.Be5 d4 17.Ne4 O-O 18.Bxf6 gxf6 19.Qh5 f5 20.Ng3 Qd5 21.Qh3 Kh8 22.Bxf5 Qg8
23.Rae1 Bd6 24.Ne4 Rxf5 25.Rxf5 Re8 26.Qh4 Qg6 27.Rf6 Be7 28.Ng3 Qxc2 29.Qh3 d3
30.Rff1 d2 31.Rd1 Bf6 32.Qd7 Re1 33.Qxd2 Qxd2 34.Rxd2 Re6 35.Rxf6  1-0

[Event "EU-chB16"]
[Site "Herceg Novi MNE"]
[Date "2006.09.18"]
[Round "8"]
[White "Lintchevski,D"]
[Black "Volodin,Alek"]
[Result "1/2-1/2"]
[WhiteElo "2429"]
[BlackElo "2354"]

1.e4 c5 2.Nf3 e6 3.d4 cxd4 4.Nxd4 Nc6 5.Nc3 d6 6.g4 a6 7.Be3 Nge7 8.Nxc6 Nxc6
9.Bg2 Be7 10.Qe2 b5 11.O-O O-O 12.f4 Bb7 13.Rad1 Na5 14.Kh1 Nc4 15.Bc1 Qa5
16.g5 b4 17.Qxc4 bxc3 18.Qxc3 Qxc3 19.bxc3 Rfc8 20.Ba3 Rxc3 21.Bxd6 Bxd6
22.Rxd6 Rxc2 23.Rfd1 g6 24.Rb6 Bc6 25.f5 gxf5 26.Rxc6 Rxc6 27.exf5 Rac8 28.Bxc6 Rxc6
29.f6 h6 30.gxh6 Kh7 31.Rg1 Kxh6 32.Rg7 Rc2 33.Rxf7 Kg6 34.Ra7 Rxa2 35.f7 Kg7
36.Kg1 a5 37.h4 Ra4 38.h5 Rf4 39.f8=Q+ Kxf8 40.Rxa5 Kg7 41.Kg2 Kh6 42.Kg3 Rf5
43.Rxf5 exf5 44.Kf4 Kxh5 45.Kxf5  1/2-1/2

[Event "EU-chB16"]
[Site "Herceg Novi MNE"]
[Date "2006.09.19"]
[Round "9"]
[White "Blomqvist,E"]
[Black "Pap,G"]
[Result "0-1"]
[WhiteElo "2133"]
[BlackElo "2412"]

1.e4 c5 2.Nf3 e6 3.d4 cxd4 4.Nxd4 Nc6 5.Nc3 d6 6.g4 a6 7.Be3 Nge7 8.Nb3 Qc7
9.f4 Bd7 10.Qd2 Nc8 11.O-O-O b5 12.Kb1 Qb7 13.Qf2 b4 14.Ne2 a5 15.Bg2 a4
16.Nbd4 N8a7 17.Rhf1 b3 18.cxb3 axb3 19.a3 Be7 20.g5 Nb5 21.Nxb5 Qxb5 22.f5 Qc4
23.Rd2 Ne5 24.h3 Bd8 25.Ng3 Qa6 26.Nh5 O-O 27.Rdd1 Bb5 28.Qh4 Bd3+ 29.Ka1 Qxa3+
30.bxa3 Rxa3+ 31.Kb2 Nc4+ 32.Kc3 b2+ 33.Kb4 Ba5+ 34.Kb5 Rb3+ 35.Kc6 Rc8+
36.Kd7 Rc7+ 37.Ke8 Rb8+  0-1

[Event "19th Moratalaz Open"]
[Site "Madrid ESP"]
[Date "2006.09.19"]
[Round "2"]
[White "Perez Sempere,A"]
[Black "Serrano Salvador,E"]
[Result "0-1"]
[WhiteElo "1927"]
[BlackElo "2348"]

1.e4 c5 2.Nf3 e6 3.d4 cxd4 4.Nxd4 Nc6 5.Nc3 a6 6.Be2 Qc7 7.O-O Nf6 8.Kh1 Nxd4
9.Qxd4 Bc5 10.Qd3 b5 11.Bg5 Bb7 12.f4 Rc8 13.a3 h5 14.Bxf6 gxf6 15.Bf3 Qxf4
16.Rad1 Rc7 17.Nd5 exd5 18.exd5 Bd6 19.Rde1+ Kf8 20.g3 Qg5 21.Be4 h4 22.Rf5 Qg4
23.Kg2 hxg3 24.hxg3 Qh3+ 25.Kf2 Qh2+ 26.Bg2 Bxg3+ 27.Qxg3 Rxc2+  0-1

[Event "XVI WSen w"]
[Site "Arvier ITA"]
[Date "2006.09.20"]
[Round "9"]
[White "Fatalibekova,E"]
[Black "Fomina,T"]
[Result "1/2-1/2"]
[WhiteElo "2264"]
[BlackElo "2220"]

1.e4 c5 2.Nf3 e6 3.d4 cxd4 4.Nxd4 Nc6 5.Nc3 d6 6.Be2 Nf6 7.O-O Be7 8.Kh1 a6
9.a4 O-O 10.f4 Qc7 11.Bf3 Re8 12.Nb3 Rb8 13.a5 b6 14.axb6 Qxb6 15.g4 d5 16.e5 Nd7
17.Na4 Qb5 18.Be2 Qb7 19.Nd4 Nc5 20.Nxc5 Bxc5 21.c3 Bxd4 22.cxd4 Qb3 23.Ra3 Qxd1
24.Rxd1 Rb4 25.Bxa6 Bxa6 26.Rxa6 Nxd4 27.Bd2 Rb3 28.Ra3 Rxb2 29.Bc3 Rb3 30.Rxb3 Nxb3
31.Rb1 Rb8 32.Kg2 Kf8 33.Kf2 Rb5 34.Rb2 d4 35.Be1 Ke8 36.Ra2 Nc5 37.Ra8+ Kd7
38.Ra7+ Kc6 39.Rxf7 Rb3 40.Rxg7 Nd3+ 41.Ke2 Nxf4+ 42.Kf2 Kd5 43.Rxh7 Kxe5
44.g5 Ke4 45.Rh4 Rb2+ 46.Kf1 e5 47.g6 Rb6 48.g7 Rg6 49.Rh7 Kf5 50.Bg3 Kf6
51.Bxf4 exf4 52.Rh5 Rxg7 53.Rd5 Ra7 54.Rxd4 Ke5 55.Rd2 Ke4 56.Rb2 Ra3 57.Kf2 Rh3
58.Rb4+ Kf5 59.Kg2 Ra3 60.Rb2 Kg4 61.Rd2  1/2-1/2

[Event "19th Moratalaz Open"]
[Site "Madrid ESP"]
[Date "2006.09.20"]
[Round "3"]
[White "Roa Alonso,S"]
[Black "Anton Veiga,J"]
[Result "1-0"]
[WhiteElo "2418"]
[BlackElo "2144"]

1.e4 c5 2.Nf3 e6 3.d4 cxd4 4.Nxd4 Nc6 5.Nc3 a6 6.Be3 Nge7 7.Be2 Nxd4 8.Bxd4 Nc6
9.Be3 Qc7 10.O-O Be7 11.f4 b5 12.a4 b4 13.Nb1 Bb7 14.Nd2 Na5 15.Bd3 Bc5 16.Qe2 Rc8
17.Kh1 Bxe3 18.Qxe3 O-O 19.Qh3 f6 20.Rae1 Qc5 21.Re3 Qd4 22.b3 Rc3 23.Rg3 Rf7
24.Qh5 Qc5 25.f5 e5 26.Qd1 Qf8 27.Qe2 Qa8 28.Nc4 Nxc4 29.Bxc4 Rxc4 30.Qxc4 Bxe4
31.Qxb4 Bxc2 32.Qd6 Be4 33.Rc1 h6 34.h3 Bxf5 35.b4 Be6 36.b5 axb5 37.axb5 Rf8
38.b6 Rb8 39.Qe7 Bf7  1-0

[Event "X Itau Cup"]
[Site "Sao Paulo BRA"]
[Date "2006.09.24"]
[Round "2"]
[White "Castro,Joc"]
[Black "Vescovi,G"]
[Result "0-1"]
[WhiteElo "2098"]
[BlackElo "2619"]

1.e4 c5 2.Nf3 e6 3.d4 cxd4 4.Nxd4 Nc6 5.Nc3 a6 6.Be2 Qc7 7.Be3 Nf6 8.a3 Be7
9.O-O O-O 10.Kh1 d6 11.f4 Bd7 12.Nb3 b5 13.Bf3 Bc8 14.Qe1 Bb7 15.Rd1 Rae8
16.Qg3 b4 17.axb4 Nxb4 18.e5 Nfd5 19.Bd4 g6 20.Ne4 dxe5 21.Bxe5 Qc8 22.Nd6 Bxd6
23.Bxd6 Nxc2 24.Rf2 Nde3 25.Rxc2 Qxc2 26.Rc1 Qxb3 27.Bxb7 Qxb7 28.Qxe3 Rc8
29.Be5 Rxc1+ 30.Qxc1 Rc8 31.Bc3 Qe4 32.h4 e5 33.fxe5 Qxe5 34.Qd2 Qe6 35.Qd4 f6
36.Qf2 Rd8 37.Qf3 Kg7 38.Kh2 Rd7 39.g4 Qd6+ 40.Kg2 Qd5 41.Bxf6+ Kf7  0-1